000
00259nam a2200109Ia 4500
008
200302s9999 xx 000 0 und d
100
_a
Manuela Roth
245
_a
Concrete Architecture & Design
260
_b
Braun Publishing AG
260
_c
2012
300
_a
239
999
_c
3365
_d
3365